000 00380 a2200133 4500
000 nam a22 7a 4500
100 _aSinha, Ajay Kumar
110 _aSinha, Ajay Kumar
245 _aBiodiversity and Sustainable Development
250 _aLatest edition
260 _bAsia Publishers and Distributors
_c2025
264 _bAsia Publishers and Distributors
_c2025
942 _cBK
999 _c396078
_d396078